000 00526cam a2200205ua 4500
020 _c33.00
041 _aeng
_h
082 _a631.587
_bKHU/IR
100 _aKhushalani, K.B .
245 _aIrrigation practice and Design, Vol I /
_cK.B.Khushalani.
_hTextual Documents
250 _a5 /
_b.
260 _a :
_bOxford & IBH Publishing company ,
_c1984.
300 _a495 ; .
365 _a33.00
504 _a
700 1 _aManohar, Khushalani .
942 _cBK
999 _c1349
_d1349